Simon, Evers & Co. G. m. b. H., 1873-1973

محفوظ في:
التفاصيل البيبلوغرافية
التنسيق: كتاب
اللغة:Undetermined
منشور في: [Hamburg] Verlag Hanseatischer Merkur 1973
الموضوعات:
الوسوم: إضافة وسم
لا توجد وسوم, كن أول من يضع وسما على هذه التسجيلة!
Thư viện lưu trữ: Trung tâm Học liệu Trường Đại học Cần Thơ
LEADER 00470nam a2200181Ia 4500
001 CTU_97426
008 210402s9999 xx 000 0 und d
082 |a 382 
082 |b S594 
245 0 |a Simon, Evers & Co. G. m. b. H., 1873-1973 
260 |a [Hamburg] 
260 |b Verlag Hanseatischer Merkur 
260 |c 1973 
650 |a German 
650 |x Commerce 
650 |z Japan 
904 |i Tuyến 
980 |a Trung tâm Học liệu Trường Đại học Cần Thơ